| 000 | 01657nam a2200385 c 4500 | ||
|---|---|---|---|
| 999 |
_c124377 _d124377 |
||
| 003 | BLK | ||
| 005 | 20200131085402.0 | ||
| 008 | 180409b bul|||||r ||||||| ||bul|| | ||
| 010 | _aKNG00130043000 | ||
| 040 | _aBLK | ||
| 041 |
_aBUL _cBUL |
||
| 080 |
_aСпециална библиография _b016 _x:782.1 _z016:782.1 |
||
| 080 |
_aОпера. Музикална драма. Романтична опера. Опера-приказка _b782.1 _x.071.1(497.2)(092)(01) _z782.1.071.1(497.2)(092)(01) |
||
| 080 |
_aБиографии _b929 _x(497.2) _z929(497.2) |
||
| 139 |
_aДимитрова, Светла и др. _bД 58 |
||
| 245 | 1 | 0 |
_aВ света на операта _bБълг. опера : Препоръчителна библиогр. _cсъстав. Светла Димитрова; състав. Мария Коцева. |
| 257 | _aBGR | ||
| 260 |
_c1980 _fСт. Загора : М. Станев |
||
| 300 |
_a126 с. _c20 см |
||
| 380 | _a0 | ||
| 500 | _aНа кор. отбел. 1981 г. | ||
| 650 | 4 |
_aОпера - България - библиографии _9318785 |
|
| 651 | 4 |
_aБългария _9241624 |
|
| 653 | _aопери | ||
| 653 | _aбиблиографски указатели | ||
| 653 | _aБългария | ||
| 653 | _aкомпозитори | ||
| 700 | 1 |
_aДимитрова, Светла _eсъстав. _9370352 |
|
| 700 | 1 |
_aКоцева, Мария _eсъстав. _9318784 |
|
| 852 | _aЦб 110451 | ||
| 856 | 4 | _qpdf | |
| 856 | 4 | _qpdf | |
| 942 |
_cKNG _n0 _s1 |
||
| 944 |
_aCR _c25.04.2012 _l25.04.2012 - от С1,Р / 25.04.2012 _kИрена_Линкова |
||
| 944 |
_aED _c25.04.2012 _l25.04.2012 - от С1,Р / 25.04.2012 |
||
| 999 | _d124377 | ||